| 000 | 00781nam a2200217 i 4500 | ||
|---|---|---|---|
| 001 | bg | ||
| 100 | 1 | _aMALESA, Ewa | |
| 245 | 0 |
_aTurystyka w 1999 r. = _bTourism in 1999 / _cGłówny Urząd Statystyczny ; [przygot. Ewa Malesa, Katarzyna Nowacka, Małgorzata Żyra]. |
|
| 260 |
_aWarszawa : _bEditiorial Board, _c2000. |
||
| 300 |
_a115 s. : _brys., wykr. ; _c29 cm. |
||
| 490 | 1 |
_aInformacje i Opracowania Statystyczne. Warunki Życia, _x1425-8846 |
|
| 650 | 9 |
_aTurystyka _zPolska _yod 1989 r. |
|
| 700 | 1 | _aNOWACKA, Katarzyna | |
| 700 | 1 | _aŻYRA, Małgorzata | |
| 830 | 0 |
_aInformacje i Opracowania Statystyczne. _pWarunki Życia |
|
| 040 | _cBPK | ||
| 041 | 0 | _apl | |
| 080 | _a379.85(438)"1989/...":311.3(083.41) | ||
| 942 | _cKS | ||
| 008 | s pl f |000 0 pol | ||
| 999 |
_c35673 _d35673 |
||
| 856 |
_uhttp://koha.tu.koszalin.pl/cgi-bin/koha/opac-detail.pl?biblionumber=35673 _yKatalog online BPK |
||